LIBRARY & INFORMATION CENTRE, KCAET, TAVANUR

ONLINE PUBLIC ACCESS CATALOGUE (OPAC)

Theory of machines / (Record no. 84)

MARC details
000 -LEADER
fixed length control field 00590cam a2200253ua 4500
041 ## - LANGUAGE CODE
Language code of text/sound track or separate title eng
082 ## - DEWEY DECIMAL CLASSIFICATION NUMBER
Classification number 621.801
Item number TOF/TH
100 ## - MAIN ENTRY--AUTHOR NAME
Personal name Toft, Louis.
245 ## - TITLE STATEMENT
Title Theory of machines /
250 ## - EDITION STATEMENT
Edition statement 6 /
260 ## - PUBLICATION, DISTRIBUTION, ETC. (IMPRINT)
Place of publication :
Name of publisher Sir Isaac Pitman & Sons Ltd ,
Year of publication 1961.
300 ## - PHYSICAL DESCRIPTION
Number of Pages 540 ; .
700 1# - ADDED ENTRY--PERSONAL NAME
Personal name Guptha, J K.
700 1# - ADDED ENTRY--PERSONAL NAME
Personal name Kersey, A,T,J .
942 ## - ADDED ENTRY ELEMENTS (KOHA)
Koha item type Books
003 - CONTROL NUMBER IDENTIFIER
control field @
003 - CONTROL NUMBER IDENTIFIER
control field OSt
Holdings
Withdrawn status Lost status Damaged status Home library Current library Date acquired Full call number Accession Number Koha item type
      KAUAET KAUAET 07/04/2012 621.801 3721 Books
      KAUAET KAUAET 07/04/2012 621.801 6058 Books
      KAUAET KAUAET 07/04/2012 621.801 3208 Books
free website counter